O tempo e o tributo

Bibliographic Details
Main Author: Pires, Cristiane
Format: eBook
Language:Portuguese
Published: San Pablo: Editora Noeses, 2019
Subjects:
Online Access:Acceso restringido

MARC

LEADER 00000nam a22000007a 4500
005 20201118224122.0
007 cr|||| |||
008 201118s2019 br |||||s|||| 00||0 por d
020 |a 978-85-8310-110-9 
035 |a 32289 
040 |a vLex 
090 |c 10901  |d 10901 
100 1 |a Pires, Cristiane 
245 1 1 |a O tempo e o tributo  |h [Recurso electrn̤ico] /  |c Cristiane Pires 
256 |a Servicio en ln̕ea 
260 |a San Pablo:  |b Editora Noeses,  |c 2019 
300 |a 1 recurso electrn̤ico 
506 1 |a Disponible solo en los productos indicados  |d vLex Global  |d vLex Global (Academic Edition, excluding Law Schools)  |d vLex Global (U.S. Academic Edition, Law Schools)  |d vLex Global (U.S. Academic Edition, excluding Law Schools)  |d vLex Global (Academic Edition, Law Schools) 
650 0 4 |a Derecho Fiscal  |z Brasil 
740 0 |a vLex Libros (Servicio en ln̕ea) 
856 4 0 |u http://vlex.com/source/tempo-tributo-32289  |z Acceso restringido 
942 |c BOOK 
999 0 |a Tax Law